Situación económica y alianzas políticas en Nicaragua /
Bewaard in:
| Hoofdauteur: | |
|---|---|
| Formaat: | Texto |
| Onderwerpen: | |
| Tags: |
Voeg label toe
Geen labels, Wees de eerste die dit record labelt!
|
MARC
| LEADER | 00000 a a2200000 04500 | ||
|---|---|---|---|
| 001 | 44261 | ||
| 003 | |||
| 040 | |||
| 100 | |a Castillo, Donald | ||
| 245 | |a Situación económica y alianzas políticas en Nicaragua / |c Donald Castillo | ||
| 650 | |a REVOLUCION | ||
| 650 | |a NICARAGUA | ||
| 650 | |a CLASES SOCIALES | ||
| 650 | |a DESARROLLO ECONOMICO | ||
| 773 | |g volumen42, número2 ( , 1980), Páginas 501-521 | ||
| 999 | |c 33826 |d 33826 | ||
